zpět

Detail výsledku týmu

Pod Jasanem, Rokycany

Datum a čas kvízu

18 Celkem bodů Celkový počet nahraných bodů na tomto kvízu bez doplňovacích otázek.
10. Pořadí na kvízu Konečné umístění týmu na tomto kvízu.

Zaznamenané odpovědi

# Otázka Odpověď Body Výsledky
1. V sobotu se uskutečnila vzpomí... Panenské Břežany 0
2. Aukční síň Freeman’s-Hindman u... Abraham Lincoln 0
3. Ve středu a ve čtvrtek se před... John Malkovich 0
4. Při úklidu ve sklepeních Minis... Edvard Beneš 0
5. Jak se nazývá klub, který se v... Tottenham (Hotspur) 0
6. V tomto tématu se podíváme na... Hayato Okamura, KDU-ČSL 0.5
7. Podívejte se pozorně na tvář t... Watson 0
8. Tentokrát nás zajímá příjmení... Dana Hlaváčová; Dora 0.5
9. Jak se jmenuje tento muž? Tent... Etzler; novinář 1
10. Napište jméno a příjmení tohot... Ralf Schumacher 1